000
00318nam a2200109Ia 4500
008
171211s9999 xx 000 0 und d
245
_a
Head First Mobile Web
245
_c
Jason Grigsby and Lyza Danger Gardner
260
_c
2012
650
_x
Web Development
856
_u
http://down.ebook777.com/010/9781449302665.pdf
999
_c
350095
_d
350095